| 000 | 00938 a2200301 4500 | ||
|---|---|---|---|
| 001 | 200429184 | ||
| 003 | TR-AnTOB | ||
| 005 | 20260127093924.0 | ||
| 007 | ta | ||
| 008 | 950223s1994 tura 01000atur | ||
| 020 | _a9758257676 | ||
| 040 |
_aTR-AnTOB _beng _cTR-AnTOB _erda |
||
| 041 | 0 | _atur | |
| 050 | 4 |
_aDR605.O95 _b.B37 1994 |
|
| 090 | 4 |
_aDR605.O95 _b.B37 1994 |
|
| 100 | 1 |
_aBarlas, Mehmet, _d1942- _4author _985240 |
|
| 245 |
_aTurgut Ozal'in anilari / _cMehmet Barlas. |
||
| 264 | 1 |
_aİstanbul : _bSabah, _c1994. |
|
| 300 |
_a338p.: _billus. _c13 cm |
||
| 336 |
_2rdacontent _atext |
||
| 337 |
_2 rdamedia _aunmediated |
||
| 338 |
_2rdacarrier _avolume |
||
| 600 | 1 | 0 |
_aÖzal, Turgut, _d1927-1993 _xPolitical and social views _9119338 |
| 600 | 0 |
_aÖzal, Turgut, _d1927-1993 _xSiyasi ve sosyal görüşler _9119339 |
|
| 651 | 7 |
_aTürkiye _xSiyaset ve yönetim _y1960-1980 _9119068 |
|
| 942 |
_2lcc _cBK |
||
| 999 |
_c200429184 _d47108 |
||